Match AC/DC songs to the album by its cover - Statistics

General Stats
  • This quiz has been taken 40 times
  • The average score is 23 of 40
Answer Stats
Hint Answer % Correct
You Shook Me All Night Long
86%
Hells Bells
86%
High Voltage
84%
Highway To Hell
84%
T.N.T.
81%
Back In Black
81%
Shoot to Thrill
81%
Dirty Deeds Done Dirt Cheap
78%
Let There Be Rock
78%
Thunderstruck
73%
The Razors Edge
73%
Rock and Roll Ain't Noise Pollution
68%
Have a Drink on Me
68%
What Do You Do for Money Honey
68%
Whole Lotta Rosie
68%
It's A Long Way To The Top (If You Wanna Rock N' Roll)
65%
Stiff Upper Lip
65%
Girls Got Rhythm
65%
Touch Too Much
62%
Flick of the Switch
59%
Shot in the Dark
59%
Sin City
57%
Walk All Over You
57%
Shot Down In Flames
57%
Moneytalks
54%
Rock N' Roll Train
54%
If You Want Blood (You've Got It)
51%
Are You Ready
49%
Big Balls
49%
Hard as a Rock
46%
Mistress for Christmas
43%
Guns for Hire
41%
Rock N' Roll Damnation
41%
Heatseeker
41%
Hail Caesar
35%
That's the Way I Wanna Rock N' Roll
30%
Problem Child
30%
First Blood
27%
Back in Business
27%
Fire Your Guns
22%
No matching quizzes found
Score Distribution
Percent of People with Each Score
Percentile by Number Answered
Your Score History
You have not taken this quiz